000 00533nam a22001697a 4500
005 20251108164225.0
008 250721s1996 xx 000 0 ara d
082 1 4 _a916/جود
100 1 _aهيكل، جودة حسنين
245 1 0 _aقارة إفريقيا :
_bدراسة في الجغرافيا الإقليمية /
264 1 _aالإسكندرية :
_bدار المعرفة الجامعية،
_c1996.
300 _a334 ص
650 1 7 _aإفريقيا
650 1 7 _aالجغرافيا
942 _2ddc
_cBK
999 _c6799
_d6799